Carregant...
The everyday state and society in modern India
Contributed papers presented at a workshop.
| Autor principal: | |
|---|---|
| Format: | Printed Book |
| Publicat: |
New Delhi
Social Science Press Distributed by D.K. Publishers and Distributors
2000.
|
| Matèries: |
| LEADER | 00667cam a2200169 a 4500 | ||
|---|---|---|---|
| 020 | |a 8187358033 | ||
| 082 | 0 | 0 | |a 954.05 |b FUL/E |
| 100 | |a Fuller,C.J. Ed. | ||
| 245 | 0 | 4 | |a The everyday state and society in modern India |
| 260 | |a New Delhi |b Social Science Press |b Distributed by D.K. Publishers and Distributors |c 2000. | ||
| 300 | |a viii, 221 p. | ||
| 520 | |a Contributed papers presented at a workshop. | ||
| 650 | 0 | |a Social structure |z India |v Indian history | |
| 650 | 0 | |a Political sociology. | |
| 942 | |c BK | ||
| 999 | |c 94446 |d 94446 | ||
| 952 | |0 0 |1 0 |4 0 |6 954_050000000000000_FUL_E |7 0 |9 87037 |a SSS |b SSS |c GEN |d 2011-07-01 |g 560.00 |l 0 |o 954.05 FUL/E |p SSS04368 |r 2011-07-01 |w 2011-07-01 |y BK | ||